[Event "GRE-chT 50th"]
[Site "Nikaia"]
[Date "2023.08.30"]
[Round "7.10"]
[White "Psarianou, Eleni"]
[Black "Papakyriakou, Charalampos"]
[Result "0-1"]
[WhiteElo "1206"]
[BlackElo "1580"]
[PlyCount "60"]
[EventDate "2023.08.25"]
[EventType "team"]
[EventRounds "9"]
[EventCountry "GRE"]
[SourceTitle "EXT 2024"]
[Source "ChessBase"]
[SourceDate "2023.10.10"]
[SourceVersion "1"]
[SourceVersionDate "2023.10.10"]
[SourceQuality "1"]
[WhiteTeam "Khanion"]
[BlackTeam "Pneemathlon"]
[WhiteTeamCountry "GRE"]
[BlackTeamCountry "GRE"]

1. Nf3 Nf6 2. g3 d5 3. Bg2 c5 4. d3 Bf5 5. 0-0 h6 6. Nbd2 Nc6 7. c3 e6 8. Qe1 Be7 9. e4 Bh7 10. Qe2 0-0 11. Re1 b5 12. e5 Nd7 13. Nf1 Nb6 14. Bf4 b4 15. g4 bxc3 16. bxc3 c4 17. d4 Na4 18. Qd2 g5 19. Be3 Rb8 20. Rec1 Rb2 21. Qd1 Qa5 22. Bd2 Ba3 23. Qe2 Nxc3 24. Qe3 Rxd2 25. Qxc3 Bxc1 26. Qxa5 Nxa5 27. N1xd2 Bb2 28. Re1 c3 29. Nb3 Nxb3 30. axb3 c2 0-1

[Event "GRE-ch U12"]
[Site "Peristeri"]
[Date "2023.07.09"]
[Round "9"]
[White "Oikonomopoulos, Filippos"]
[Black "Papakyriakou, Charalampos"]
[Result "1-0"]
[WhiteElo "1830"]
[BlackElo "1642"]
[PlyCount "106"]
[EventDate "2023.07.03"]
[EventType "swiss"]
[EventRounds "9"]
[EventCountry "GRE"]
[SourceTitle "EXT 2024"]
[Source "ChessBase"]
[SourceDate "2023.10.10"]
[SourceVersion "1"]
[SourceVersionDate "2023.10.10"]
[SourceQuality "1"]

1. Nf3 d5 2. g3 Nf6 3. Bg2 Bf5 4. 0-0 h6 5. d3 e6 6. c4 c6 7. Qb3 Qb6 8. Qc2 Nbd7 9. cxd5 cxd5 10. Nc3 Be7 11. Be3 Qd8 12. Qb3 Ng4 13. Nd4 Nxe3 14. fxe3 Bg6 15. Qxb7 0-0 16. Nc6 Qe8 17. Nb5 Nc5 18. Nxe7+ Kh7 19. Qc6 Qxe7 20. Rac1 Rac8 21. Qd6 Qg5 22. Qf4 Qe7 23. Kh1 Qd7 24. a4 a6 25. Nc3 Nb3 26. Rc2 Qe7 27. Bh3 Qc7 28. Qb4 Rb8 29. Qa3 e5 30. Bg2 d4 31. Bd5 Na5 32. Rfc1 dxc3 33. Rxc3 Qd7 34. e4 Rfc8 35. Rc5 Rxc5 36. Rxc5 Nb7 37. Rc6 Rc8 38. Qc3 Rxc6 39. Bxc6 Qc7 40. b4 Nd6 41. Qc5 Bh5 42. Bd5 Qd7 43. Qc2 Ne8 44. Kg2 Nc7 45. Bc4 Ne6 46. e3 Ng5 47. Qf2 Qh3+ 48. Kg1 Qd7 49. Qf5+ Qxf5 50. exf5 Nf3+ 51. Kf2 a5 52. bxa5 Nd2 53. Bd5 Nb3 1-0

[Event "GRE-ch U12"]
[Site "Peristeri"]
[Date "2023.07.07"]
[Round "7"]
[White "Manolopoulos, Christos"]
[Black "Papakyriakou, Charalampos"]
[Result "1/2-1/2"]
[WhiteElo "1305"]
[BlackElo "1642"]
[PlyCount "122"]
[EventDate "2023.07.03"]
[EventType "swiss"]
[EventRounds "9"]
[EventCountry "GRE"]
[SourceTitle "EXT 2024"]
[Source "ChessBase"]
[SourceDate "2023.10.10"]
[SourceVersion "1"]
[SourceVersionDate "2023.10.10"]
[SourceQuality "1"]

1. e4 c6 2. d4 d5 3. exd5 cxd5 4. Bd3 Nc6 5. c3 Nf6 6. h3 g6 7. Nf3 Bf5 8. 0-0 Bxd3 9. Qxd3 Bg7 10. Bf4 0-0 11. Nbd2 Rc8 12. Rfe1 a6 13. a4 Re8 14. Ne5 Nd7 15. Nef3 Nb6 16. Re2 Na5 17. Qc2 Nbc4 18. Nxc4 Rxc4 19. b4 Nc6 20. Qd3 Nb8 21. Nd2 Rc8 22. Nb3 Nd7 23. Nc5 Nxc5 24. bxc5 b6 25. Be3 a5 26. Rd1 e6 27. c4 dxc4 28. Qxc4 Rxc5 29. Qb3 Rd5 30. Red2 Qd6 31. g3 Rd8 32. Bf4 Qc6 33. Be3 Qd7 34. Qxb6 Qxa4 35. Qb2 Qc6 36. Qa3 Qb6 37. Qc3 Qa7 38. Qa1 a4 39. Rd3 h5 40. h4 Bf6 41. Qb2 Qd7 42. R3d2 Rb5 43. Qa3 Rb3 44. Qa2 Qb5 45. Rc2 Qb4 46. Rcd2 a3 47. Rd3 Rxd3 48. Rxd3 Ra8 49. Rb3 Qa4 50. Bc1 Qxd4 51. Rxa3 Qd1+ 52. Kh2 Rxa3 53. Qxa3 Qe2 54. Qa8+ Kg7 55. Be3 Qd3 56. Qf3 Qd5 57. Bh6+ Kxh6 58. Qxf6 Qa8 59. Qxf7 Qc8 60. Qf4+ Kh7 61. Qf7+ Kh6 1/2-1/2

[Event "Skopje op"]
[Site "Skopje"]
[Date "2022.10.23"]
[Round "4"]
[White "Stoilkovski, Jordan"]
[Black "Papakyriakou, Charalampos"]
[Result "1-0"]
[WhiteElo "1791"]
[BlackElo "1421"]
[PlyCount "119"]
[EventDate "2022.10.21"]
[EventType "swiss"]
[EventRounds "9"]
[EventCountry "MKD"]
[SourceTitle "EXT 2024"]
[Source "ChessBase"]
[SourceDate "2023.10.10"]
[SourceVersion "1"]
[SourceVersionDate "2023.10.10"]
[SourceQuality "1"]

1. e4 e6 2. d4 d5 3. Nc3 Nf6 4. Bg5 Bb4 5. e5 h6 6. Bd2 Bxc3 7. Bxc3 Ne4 8. Qg4 Qg5 9. Qxg5 Nxg5 10. Bb4 Nc6 11. Bb5 Bd7 12. Bxc6 Bxc6 13. h4 Nh7 14. f4 Nf8 15. Ne2 Nd7 16. Rh3 Rc8 17. Rc3 Bb5 18. Rg3 Bxe2 19. Kxe2 Rg8 20. Ba3 f5 21. Rc1 Kf7 22. Rb3 Nb6 23. Bc5 Rb8 24. Bxb6 cxb6 25. c4 Rbc8 26. Rbc3 dxc4 27. Rxc4 Rxc4 28. Rxc4 Re8 29. h5 Re7 30. Ke3 Rd7 31. a4 g6 32. hxg6+ Kxg6 33. b4 Kf7 34. b5 a6 35. Kf3 axb5 36. axb5 h5 37. Ke3 Kg6 38. g3 Kf7 39. Kd3 Kg6 40. Rc8 Kg7 41. Kc4 Kf7 42. Rh8 Kg6 43. Rf8 Kg7 44. Rf6 Rc7+ 45. Kd3 Re7 46. Ke3 Kh7 47. Kd3 Kg7 48. d5 exd5 49. Rxf5 Rc7 50. Kd4 Rc4+ 51. Kxd5 Rc5+ 52. Kd6 Rxb5 53. Rxh5 Rc5 54. Rg5+ Kf8 55. e6 Rc1 56. e7+ Kf7 57. Rf5+ Kg6 58. Rf8 Rd1+ 59. Kc7 Rc1+ 60. Kxb7 1-0

[Event "GRE-ch U12"]
[Site "Thessaloniki"]
[Date "2022.08.21"]
[Round "6"]
[White "Papakyriakou, Charalampos"]
[Black "Balafoutas, Alexandros"]
[Result "1/2-1/2"]
[WhiteElo "1317"]
[BlackElo "1291"]
[PlyCount "66"]
[EventDate "2022.08.18"]
[EventType "swiss"]
[EventRounds "9"]
[EventCountry "GRE"]
[SourceTitle "EXT 2023"]
[Source "ChessBase"]
[SourceDate "2022.10.05"]
[SourceVersion "1"]
[SourceVersionDate "2022.10.05"]
[SourceQuality "1"]

1. e4 c5 2. Nf3 d6 3. Bb5+ Bd7 4. Bxd7+ Qxd7 5. 0-0 Nf6 6. Qe2 Nc6 7. c3 e5 8. d4 cxd4 9. cxd4 exd4 10. Qd3 Be7 11. Nxd4 Ne5 12. Qe2 0-0 13. Nc3 Nc6 14. Nf5 Rfe8 15. Nd5 Bd8 16. Nxf6+ Bxf6 17. Qd3 Rad8 18. Rd1 Qe6 19. f3 d5 20. exd5 Rxd5 21. Qxd5 Bd4+ 22. Qxd4 Nxd4 23. Nxd4 Qb6 24. Bf4 Qxb2 25. Rab1 Qxa2 26. Rxb7 Qa4 27. Rbb1 h6 28. Ra1 Qb4 29. Bg3 a5 30. Bf2 a4 31. Rdb1 Qc4 32. Rc1 Qb4 33. Rcb1 Qc4 1/2-1/2

[Event "GRE-ch U12"]
[Site "Thessaloniki"]
[Date "2022.08.21"]
[Round "5"]
[White "Zavrakidis, Nikolaos"]
[Black "Papakyriakou, Charalampos"]
[Result "1/2-1/2"]
[WhiteElo "1648"]
[BlackElo "1317"]
[PlyCount "134"]
[EventDate "2022.08.18"]
[EventType "swiss"]
[EventRounds "9"]
[EventCountry "GRE"]
[SourceTitle "EXT 2023"]
[Source "ChessBase"]
[SourceDate "2022.10.05"]
[SourceVersion "1"]
[SourceVersionDate "2022.10.05"]
[SourceQuality "1"]

1. d4 d5 2. Bf4 c5 3. e3 Nf6 4. c3 Nc6 5. Nd2 Bf5 6. Qb3 Qd7 7. Ngf3 c4 8. Qd1 h6 9. h3 e6 10. Be2 Be7 11. 0-0 0-0 12. Ne5 Nxe5 13. dxe5 Ne4 14. Nxe4 Bxe4 15. Bxc4 Qc6 16. Bd3 Bxd3 17. Qxd3 Rac8 18. Rad1 Qb6 19. Rd2 Rfd8 20. Rfd1 Qc6 21. Bg3 Rc7 22. Qe2 Rcd7 23. Rd3 Kf8 24. Qg4 Qa6 25. a3 Qb5 26. R1d2 Qc6 27. Bh4 Bxh4 28. Qxh4 Kg8 29. Qg4 Kh8 30. Rd4 f5 31. Qg6 b5 32. f3 a5 33. e4 fxe4 34. fxe4 Qb6 35. Kh1 Qc6 36. Rd1 Kg8 37. R1d2 Kh8 38. Qh5 Kh7 39. Qd1 Kh8 40. exd5 Rxd5 41. Rxd5 exd5 42. Qb3 Qc5 43. Rd4 Qc6 44. a4 bxa4 45. Qxa4 Qc7 46. Rd1 Qxe5 47. Qxa5 Rf8 48. Qc5 Rf6 49. Qb5 Rf5 50. Qd3 Rf6 51. Qb5 Rf5 52. Qd3 Rf6 53. Ra1 Rf8 54. b4 Rc8 55. b5 Qxc3 56. Qxc3 Rxc3 57. Rd1 Rc5 58. b6 Rb5 59. b7 Rxb7 60. Rxd5 Kh7 61. Kh2 Kg6 62. Rd6+ Kf5 63. Rd4 Re7 64. Kg3 Ra7 65. Kh2 Ke5 66. Rg4 g5 67. h4 gxh4 1/2-1/2

[Event "GRE-chT 49th"]
[Site "Thessaloniki"]
[Date "2022.08.14"]
[Round "4.9"]
[White "Mantazis, Georgios Rafail"]
[Black "Papakyriakou, Charalampos"]
[Result "1/2-1/2"]
[WhiteElo "1347"]
[BlackElo "1317"]
[PlyCount "133"]
[EventDate "2022.08.12"]
[EventType "team-swiss"]
[EventRounds "7"]
[EventCountry "GRE"]
[SourceTitle "CBM 209 Extra"]
[Source "ChessBase"]
[SourceDate "2022.09.30"]
[SourceVersion "1"]
[SourceVersionDate "2022.09.30"]
[SourceQuality "1"]
[WhiteTeam "Thessaloniki Sach"]
[BlackTeam "Pneemathlon"]
[WhiteTeamCountry "GRE"]
[BlackTeamCountry "GRE"]

1. e4 e6 2. d4 d5 3. Bd3 dxe4 4. Bxe4 Nf6 5. Bf3 c5 6. Ne2 Nc6 7. Bxc6+ bxc6 8. 0-0 cxd4 9. Nxd4 c5 10. Nf3 Qxd1 11. Rxd1 Bb7 12. Ne5 Be7 13. Nc3 0-0 14. Be3 Nd5 15. Nxd5 exd5 16. c3 Bd6 17. Nc4 Bxh2+ 18. Kxh2 dxc4 19. Bxc5 Rfc8 20. Be3 Bc6 21. Rd4 Be8 22. Rd5 f6 23. Ra5 Rcb8 24. Rxa7 Rxa7 25. Bxa7 Rxb2 26. a4 Rb3 27. Bd4 Rb8 28. Kg3 Ra8 29. a5 Bb5 30. Kf4 Kf7 31. Rb1 Ba6 32. Bb6 Re8 33. Bc5 Ra8 34. Rd1 Bb5 35. Bb6 Re8 36. Rd5 Ba6 37. Bc5 g5+ 38. Kg3 Re6 39. f4 gxf4+ 40. Kxf4 Kg6 41. g4 h6 42. Rd7 Bb5 43. Rb7 Be8 44. Bf8 Bf7 45. Ra7 Re1 46. a6 Re8 47. Bd6 Bd5 48. Re7 Rxe7 49. Bxe7 Kf7 50. Bd8 Ke6 51. Ke3 f5 52. gxf5+ Kxf5 53. Kd4 Ke6 54. Kc5 Ke5 55. Bf6+ Ke4 56. a7 h5 57. Bg5 Ke5 58. Bh4 Ke6 59. Bg3 Ba8 60. Kxc4 Kd7 61. Kc5 Kc8 62. Kb6 Bb7 63. c4 Ba8 64. c5 Bb7 65. c6 Ba8 66. Bh4 Bxc6 67. Kxc6 1/2-1/2

[Event "GRE-chT 49th"]
[Site "Thessaloniki"]
[Date "2022.08.12"]
[Round "1.6"]
[White "Papakyriakou, Charalampos"]
[Black "Alexandri, Dimitra"]
[Result "1/2-1/2"]
[WhiteElo "1317"]
[BlackElo "1796"]
[PlyCount "66"]
[EventDate "2022.08.12"]
[EventType "team-swiss"]
[EventRounds "7"]
[EventCountry "GRE"]
[SourceTitle "CBM 209 Extra"]
[Source "ChessBase"]
[SourceDate "2022.09.30"]
[SourceVersion "1"]
[SourceVersionDate "2022.09.30"]
[SourceQuality "1"]
[WhiteTeam "Pneemathlon"]
[BlackTeam "Neapolis Sykeon"]
[WhiteTeamCountry "GRE"]
[BlackTeamCountry "GRE"]

1. e4 e5 2. Nf3 Nc6 3. Bb5 a6 4. Ba4 Nf6 5. 0-0 Be7 6. Qe2 b5 7. Bb3 d6 8. a4 Bd7 9. c3 0-0 10. h3 Rb8 11. Bc2 Qc8 12. d4 exd4 13. cxd4 Nb4 14. Bb3 c5 15. Bd2 c4 16. Bxb4 cxb3 17. e5 Nd5 18. exd6 Bf6 19. Bc5 bxa4 20. Qd2 Re8 21. Rc1 Qb7 22. Nc3 Nxc3 23. Rxc3 Rbc8 24. Re1 Rxe1+ 25. Qxe1 Re8 26. Re3 Rxe3 27. Qxe3 h6 28. Ne5 Bxe5 29. Qxe5 Qc8 30. Qe7 a3 31. Bxa3 Qc1+ 32. Kh2 Qf4+ 33. Kg1 Qc1+ 1/2-1/2

[Event "GRE-ch U20"]
[Site "Trikala"]
[Date "2021.08.23"]
[Round "1"]
[White "Papakyriakou, Charalampos"]
[Black "Pelantakis, Mihail"]
[Result "0-1"]
[WhiteElo "1179"]
[BlackElo "1939"]
[PlyCount "110"]
[EventDate "2021.08.23"]
[EventType "swiss"]
[EventRounds "9"]
[EventCountry "GRE"]
[SourceTitle "EXT 2022"]
[Source "ChessBase"]
[SourceDate "2021.10.06"]
[SourceVersion "1"]
[SourceVersionDate "2021.10.06"]
[SourceQuality "1"]

1. e4 e5 2. Nf3 d6 3. d4 exd4 4. Nxd4 Nf6 5. Nc3 g6 6. Bc4 Bg7 7. 0-0 0-0 8. Be3 Ng4 9. Bf4 Nc6 10. Nxc6 bxc6 11. h3 Ne5 12. Bb3 Ba6 13. Re1 Nc4 14. Bxc4 Bxc4 15. e5 Re8 16. exd6 Rxe1+ 17. Qxe1 cxd6 18. Rd1 d5 19. b3 Ba6 20. Ne4 Qh4 21. Nc5 Qxf4 22. Nxa6 Be5 23. g3 Qf5 24. Kg2 Kg7 25. Nb4 Rc8 26. Qe3 d4 27. Qf3 Qxf3+ 28. Kxf3 Bf6 29. Re1 c5 30. Nd5 Bg5 31. h4 Bd2 32. Re7 c4 33. Ke4 d3 34. c3 Be1 35. bxc4 d2 36. Ne3 Rxc4+ 37. Kd3 Rxc3+ 38. Ke2 Rc6 39. a4 Rf6 40. Nd1 Re6+ 41. Rxe6 fxe6 42. Kd3 Kf6 43. g4 Ke5 44. Ke3 Kd5 45. Kd3 Kc5 46. Kc3 e5 47. f3 Bxh4 48. Kxd2 Kb4 49. Ke3 Kxa4 50. Ke4 Bg3 51. g5 Kb3 52. Ne3 a5 53. Kd3 a4 54. Kd2 Bf4 55. Kd3 Bxe3 0-1

[Event "GRE-chT Online Rapid op 1st"]
[Site "Tornelo INT"]
[Date "2021.02.21"]
[Round "7.35"]
[White "Apostolidis, Anastasios"]
[Black "Papakyriakou, Charalampos"]
[Result "1-0"]
[WhiteElo "1100"]
[BlackElo "1179"]
[PlyCount "45"]
[EventDate "2021.02.20"]
[EventType "team-swiss (rapid)"]
[EventRounds "9"]
[EventCountry "GRE"]
[SourceTitle "EXT 2023"]
[Source "ChessBase"]
[SourceDate "2022.10.05"]
[SourceVersion "1"]
[SourceVersionDate "2022.10.05"]
[SourceQuality "1"]

1. e4 e5 2. Nf3 Nc6 3. Bc4 Bc5 4. Nc3 Nf6 5. d3 h6 6. 0-0 d6 7. h3 0-0 8. Ne2 Be6 9. Bb3 a5 10. c3 Qd7 11. Ng3 Ne7 12. d4 exd4 13. cxd4 Bb4 14. Bxe6 fxe6 15. a3 Bxa3 16. bxa3 Nh7 17. e5 d5 18. Nh4 Qe8 19. Qg4 Kh8 20. Qxe6 Qf7 21. Qxf7 Rxf7 22. Nf3 Nc6 23. Be3 1-0

[Event "GRE-ch Online Blitz op 1st"]
[Site "Tornelo INT"]
[Date "2021.02.07"]
[Round "1"]
[White "Deli, Eleanna Ratzvika"]
[Black "Papakyriakou, Charalampos"]
[Result "1-0"]
[WhiteElo "1834"]
[BlackElo "1179"]
[PlyCount "51"]
[EventDate "2021.02.07"]
[EventType "swiss (blitz)"]
[EventRounds "16"]
[EventCountry "GRE"]
[SourceTitle "EXT 2023"]
[Source "ChessBase"]
[SourceDate "2022.10.05"]
[SourceVersion "1"]
[SourceVersionDate "2022.10.05"]
[SourceQuality "1"]

1. d4 d5 2. c4 e6 3. Nc3 Nf6 4. e3 c6 5. Nf3 Nbd7 6. b3 Bb4 7. Bd2 Qa5 8. Qc2 Qc7 9. Bd3 0-0 10. 0-0 Bd6 11. e4 dxe4 12. Nxe4 Nxe4 13. Bxe4 f5 14. Bd3 Nf6 15. Rfe1 Ng4 16. h3 Nh2 17. Ne5 Bxe5 18. dxe5 Nf3+ 19. gxf3 Qf7 20. Kh2 Qh5 21. Qd1 g5 22. Rg1 h6 23. Qe2 f4 24. Qe4 Rf5 25. Qe2 Rf8 26. Qf1 1-0

[Event "GRE-ch Online Blitz op 1st"]
[Site "Tornelo INT"]
[Date "2021.02.07"]
[Round "15"]
[White "Pantelidis, Kosmas"]
[Black "Papakyriakou, Charalampos"]
[Result "1-0"]
[WhiteElo "1315"]
[BlackElo "1179"]
[PlyCount "59"]
[EventDate "2021.02.07"]
[EventType "swiss (blitz)"]
[EventRounds "16"]
[EventCountry "GRE"]
[SourceTitle "EXT 2023"]
[Source "ChessBase"]
[SourceDate "2022.10.05"]
[SourceVersion "1"]
[SourceVersionDate "2022.10.05"]
[SourceQuality "1"]

1. e4 e5 2. Nf3 Nc6 3. Bc4 Bc5 4. d3 Nf6 5. c3 d6 6. Bg5 h6 7. Bh4 g5 8. Bg3 Bd7 9. Nbd2 Qe7 10. Bb3 a5 11. a3 Be6 12. Bxe6 fxe6 13. b4 Bb6 14. Nc4 Ba7 15. bxa5 Nh5 16. Rb1 g4 17. Nh4 Nxg3 18. hxg3 Rf8 19. 0-0 Rb8 20. Ng6 Qf7 21. Nxf8 Qxf8 22. Qxg4 Qf7 23. Qf3 Qg7 24. Qh5+ Kd7 25. a6 b5 26. Ne3 Rf8 27. Qg4 Qe7 28. Rxb5 h5 29. Qh3 Qf7 30. g4 1-0

[Event "GRE-ch Online Blitz op 1st"]
[Site "Tornelo INT"]
[Date "2021.02.07"]
[Round "8"]
[White "Papakyriakou, Charalampos"]
[Black "Chatzinikolaou, Emmanouil"]
[Result "1-0"]
[WhiteElo "1179"]
[BlackElo "1407"]
[PlyCount "35"]
[EventDate "2021.02.07"]
[EventType "swiss (blitz)"]
[EventRounds "16"]
[EventCountry "GRE"]
[SourceTitle "EXT 2023"]
[Source "ChessBase"]
[SourceDate "2022.10.05"]
[SourceVersion "1"]
[SourceVersionDate "2022.10.05"]
[SourceQuality "1"]

1. e4 c5 2. Nf3 d6 3. Bb5+ Bd7 4. Bxd7+ Nxd7 5. 0-0 g6 6. c3 Bg7 7. d4 cxd4 8. cxd4 e5 9. d5 Ngf6 10. Nc3 0-0 11. Re1 Rc8 12. Qd3 a6 13. Bg5 h6 14. Bh4 g5 15. Nxg5 hxg5 16. Bxg5 Qb6 17. Qg3 Nh7 18. Bh6 1-0

[Event "GRE-ch Online Blitz op 1st"]
[Site "Tornelo INT"]
[Date "2021.02.07"]
[Round "4"]
[White "Papakyriakou, Charalampos"]
[Black "Siranidis, Petros"]
[Result "1-0"]
[WhiteElo "1179"]
[BlackElo "1011"]
[PlyCount "33"]
[EventDate "2021.02.07"]
[EventType "swiss (blitz)"]
[EventRounds "16"]
[EventCountry "GRE"]
[SourceTitle "EXT 2023"]
[Source "ChessBase"]
[SourceDate "2022.10.05"]
[SourceVersion "1"]
[SourceVersionDate "2022.10.05"]
[SourceQuality "1"]

1. e4 e5 2. Nf3 Nc6 3. Bc4 h6 4. c3 Bc5 5. d4 exd4 6. cxd4 Bb4+ 7. Nc3 Nf6 8. e5 Ne4 9. Bd2 d6 10. d5 Na5 11. Qa4+ Nc6 12. dxc6 a5 13. cxb7+ Bd7 14. bxa8Q Qxa8 15. Qc2 Be6 16. Bxe6 fxe6 17. Nxe4 1-0

[Event "GRE-ch Online Blitz op 1st"]
[Site "Tornelo INT"]
[Date "2021.02.07"]
[Round "3"]
[White "Pelekis, Georgios"]
[Black "Papakyriakou, Charalampos"]
[Result "1-0"]
[WhiteElo "1650"]
[BlackElo "1179"]
[PlyCount "57"]
[EventDate "2021.02.07"]
[EventType "swiss (blitz)"]
[EventRounds "16"]
[EventCountry "GRE"]
[SourceTitle "EXT 2023"]
[Source "ChessBase"]
[SourceDate "2022.10.05"]
[SourceVersion "1"]
[SourceVersionDate "2022.10.05"]
[SourceQuality "1"]

1. e4 e5 2. Nf3 Nc6 3. d4 exd4 4. Nxd4 Bc5 5. Nxc6 Qf6 6. Qf3 Qxc6 7. Nc3 Bb4 8. Bd2 Bxc3 9. Bxc3 f6 10. 0-0-0 d6 11. Qh5+ g6 12. Qf3 Bd7 13. Bxf6 Nxf6 14. Qxf6 Rf8 15. Qh4 Qc5 16. f3 Qe3+ 17. Kb1 g5 18. Qxh7 0-0-0 19. Bd3 Qb6 20. Qg7 Rg8 21. Qc3 g4 22. f4 g3 23. h4 Bg4 24. Rde1 Qf2 25. e5 dxe5 26. Rxe5 Qxg2 27. Rhe1 Qh3 28. Re7 g2 29. Qxc7# 1-0

[Event "GRE-ch Online Rapid op 1st"]
[Site "Tornelo INT"]
[Date "2021.02.06"]
[Round "8"]
[White "Papakyriakou, Charalampos"]
[Black "Florakis, Konstantinos"]
[Result "0-1"]
[WhiteElo "1159"]
[BlackElo "1688"]
[PlyCount "62"]
[EventDate "2021.02.06"]
[EventType "swiss (rapid)"]
[EventRounds "8"]
[EventCountry "GRE"]
[SourceTitle "EXT 2023"]
[Source "ChessBase"]
[SourceDate "2022.10.05"]
[SourceVersion "1"]
[SourceVersionDate "2022.10.05"]
[SourceQuality "1"]

1. e4 d6 2. d4 g6 3. Nc3 Bg7 4. Nf3 c6 5. Be2 Nd7 6. Bd2 e5 7. d5 Ngf6 8. Bd3 Qe7 9. Qe2 0-0 10. 0-0 Nc5 11. h3 h6 12. Be3 Nxd3 13. Qxd3 Nh7 14. Qd2 f5 15. Nh4 Qxh4 16. dxc6 f4 17. Qd5+ Kh8 18. Bd2 bxc6 19. Qxc6 Bxh3 20. gxh3 Ng5 21. f3 Nxh3+ 22. Kg2 Qg3+ 23. Kh1 Nf2+ 24. Rxf2 Qxf2 25. Rd1 Qxf3+ 26. Kg1 Qg3+ 27. Kf1 f3 28. Qxd6 Qg2+ 29. Ke1 f2+ 30. Ke2 f1Q+ 31. Ke3 Rf3# 0-1

[Event "GRE-ch Online Rapid op 1st"]
[Site "Tornelo INT"]
[Date "2021.02.06"]
[Round "2"]
[White "Papakyriakou, Charalampos"]
[Black "Leftheriotis, Alexandros"]
[Result "0-1"]
[WhiteElo "1159"]
[BlackElo "1658"]
[PlyCount "66"]
[EventDate "2021.02.06"]
[EventType "swiss (rapid)"]
[EventRounds "8"]
[EventCountry "GRE"]
[SourceTitle "EXT 2023"]
[Source "ChessBase"]
[SourceDate "2022.10.05"]
[SourceVersion "1"]
[SourceVersionDate "2022.10.05"]
[SourceQuality "1"]

1. e4 Nf6 2. e5 Nd5 3. c4 Nb6 4. d4 d6 5. exd6 cxd6 6. Nc3 g6 7. Be3 Bg7 8. Rc1 0-0 9. Qd2 Nc6 10. d5 Ne5 11. Be2 Nexc4 12. Bxc4 Nxc4 13. Qe2 Nxe3 14. fxe3 e6 15. dxe6 Bxe6 16. a3 Re8 17. Nf3 Rc8 18. 0-0 Bc4 19. Qd2 Bxf1 20. Rxf1 Bh6 21. Re1 Qe7 22. Nd5 Qe6 23. Qd3 Rc5 24. e4 Rec8 25. b4 Rc1 26. Rxc1 Rxc1+ 27. Kf2 Bg7 28. Ng5 Qe5 29. Nf3 Qb2+ 30. Kg3 Be5+ 31. Kh3 Kg7 32. Nd2 Rd1 33. Nc4 Rxd3+ 0-1

[Event "GRE-ch Online Rapid op 1st"]
[Site "Tornelo INT"]
[Date "2021.02.06"]
[Round "7"]
[White "Parcharidis, Triantafyllos"]
[Black "Papakyriakou, Charalampos"]
[Result "0-1"]
[WhiteElo "1029"]
[BlackElo "1159"]
[PlyCount "70"]
[EventDate "2021.02.06"]
[EventType "swiss (rapid)"]
[EventRounds "8"]
[EventCountry "GRE"]
[SourceTitle "EXT 2023"]
[Source "ChessBase"]
[SourceDate "2022.10.05"]
[SourceVersion "1"]
[SourceVersionDate "2022.10.05"]
[SourceQuality "1"]

1. d4 d5 2. c4 e6 3. Nc3 Nf6 4. cxd5 exd5 5. Bg5 Be7 6. e3 c6 7. Bd3 Nbd7 8. Nf3 Nh5 9. Bxe7 Qxe7 10. 0-0 Ndf6 11. Rb1 0-0 12. b4 g6 13. b5 Ne8 14. bxc6 bxc6 15. Ne5 Qd6 16. Qa4 c5 17. Nb5 Qe6 18. Rfc1 c4 19. Be2 f6 20. Ng4 a6 21. Nc3 Bd7 22. Qa5 Bc6 23. Bf3 Kh8 24. Rb6 Nc7 25. Nxd5 Nxd5 26. Rxc6 Qxc6 27. Bxd5 Qb5 28. Qxb5 axb5 29. Bxa8 Rxa8 30. Rc2 Ra3 31. f4 f5 32. Ne5 Rxe3 33. Rb2 Nxf4 34. Rxb5 Nd3 35. Nxc4 Re1# 0-1